00402nam a2200145 a 4500001000400000003000900004008004100013040002800054082001600082100002600098245006400124260003000188300001500218650002300233314CO-ViMGA141112s2004 ck r 000 u spa d aCO-ViMGAbspacCO-ViMGA04a582.16 N4351 aNiembro Rocas, Anibal10aSemillas de árboles y arbustos : bOntogenia y estructura aMexico : bLimusa, c1988 a285 p : il14aARBOLES - SEMILLAS